| 000 | 00379nam a2200145Ia 4500 | ||
|---|---|---|---|
| 008 | 230917s9999||||xx |||||||||||||| ||und|| | ||
| 040 |
_e54039 _aMAIN |
||
| 041 | _aEnglish | ||
| 082 | _a070.102433 I6M:C | ||
| 100 | _aInnis, H A | ||
| 245 | 0 | _aCulture, communication, and dependency | |
| 260 |
_aNorwood _bAblex Publishing Corporation _c1981 |
||
| 300 | _a264 p. | ||
| 942 | _cBK | ||
| 999 |
_c224677 _d224677 |
||